| 000 | 00350nam a2200133Ia 4500 | ||
|---|---|---|---|
| 008 | 240624s9999 xx 000 0 und d | ||
| 041 | _aeng | ||
| 082 | _a020 SRE | ||
| 100 | _aSREEKUMAR M G | ||
| 245 | _aDIGITAL LIBRARIES IN KNOWLEDGE MANAGEMEN | ||
| 260 |
_c2006 _aNew Delhi _bEss Ess Publications |
||
| 300 | _a597 : p. : cm. ; 21 | ||
| 365 |
_cRS _b20 |
||
| 999 |
_c8385 _d8385 |
||